000 00818nam a22002297a 4500
005 2012120705435.0
008 121207t xxu||||| |||| 00| 0 eng d
010 _aENG-106278
020 _a9788184842081
_c1350.00
035 _aEN-89811
037 _bDBAD/PUB
040 _aDPL
_bEng
082 _a658.4012
100 _954009
_aMehta, Arpita
245 _aStrategic management /
_cby Arpita Mehta
260 _aNew Delhi
_bRegal Publications
_c2013
270 _aF-159 Rajouri Garden
_bNew Delhi
_e110027
300 _axiii,332p.
_c23cm(Hb)
500 _aIncludes bibliographical references and index
942 _2ddc
_cEN
_mMEH
_h658.4012
999 _c71933
_d71933